000 00483nam a2200181Ia 4500
005 20250326124258.0
008 250326s9999 xx 000 0 und d
037 _aTextbook
040 _aFMSL
_beng
_cFMSL
041 _aeng
_2eng
084 _aX3:8M K8;1
_qFMSL
100 _aLeyton A C
_9288001
245 0 _aArt of communication
_cLeyton A C
260 _aLondon
_bLondon, Pitman
_c1968
300 _a215p
942 _cTB
_hX3:8M K8;1
999 _c1273069
_d1273069